Catálogo - Centro de Recursos para el Aprendizaje y la Investigación

Volver al Sitio - CRAI Biblioteca

Aportes para la construcción de una jurisprudencia hacia la igualdad / (Registro nro. 114085)

Detalles MARC
000 -CABECERA
campo de control de longitud fija 01912nam a2200373 4500
001 - NÚMERO DE CONTROL
campo de control 114085
003 - IDENTIFICADOR DEL NÚMERO DE CONTROL
campo de control DR-UNIBE
005 - FECHA Y HORA DE LA ÚLTIMA TRANSACCIÓN
campo de control 20260218113138.0
008 - DATOS DE LONGITUD FIJA--INFORMACIÓN GENERAL
campo de control de longitud fija 250918b2002 dr ||||| |||| 00| 0 spa d
020 ## - NÚMERO INTERNACIONAL ESTÁNDAR DEL LIBRO
Número Internacional Estándar del Libro 9993487813
040 ## - FUENTE DE LA CATALOGACIÓN
Centro catalogador/agencia de origen BIBLIOTECA UNIBE
Lengua de catalogación spa
Centro/agencia transcriptor BIBLIOTECA UNIBE
Normas de descripción rda
041 ## - CÓDIGO DE LENGUA
Código de lengua del texto/banda sonora o título independiente spa
082 ## - NÚMERO DE LA CLASIFICACIÓN DECIMAL DEWEY
Número de edición 22
Número de clasificación RD 348.7293 B352a
100 10 - ENTRADA PRINCIPAL--NOMBRE DE PERSONA
Nombre de persona Bautista, Norma
9 (RLIN) 22218
Término indicativo de función/relación autor
100 10 - ENTRADA PRINCIPAL--NOMBRE DE PERSONA
Nombre de persona Castillo, Brunilda
9 (RLIN) 199278
Término indicativo de función/relación autor
100 10 - ENTRADA PRINCIPAL--NOMBRE DE PERSONA
Nombre de persona Mariot, Mario Nelson
9 (RLIN) 152903
Término indicativo de función/relación autor
245 10 - MENCIÓN DE TÍTULO
Título Aportes para la construcción de una jurisprudencia hacia la igualdad /
Mención de responsabilidad, etc. Norma Bautista, Brunilda Castillo, Mario Nelson Mariot, [y otros dos],
250 ## - MENCIÓN DE EDICIÓN
Mención de edición primera edición
260 ## - PUBLICACIÓN, DISTRIBUCIÓN, ETC.
Lugar de publicación, distribución, etc. Santo Domingo :
Nombre del editor, distribuidor, etc. Escuela Nacional de la Judicatura (ENJ),
Fecha de publicación, distribución, etc. 2002
300 ## - DESCRIPCIÓN FÍSICA
Extensión 166 páginas :
Dimensiones 27 x 20 cm
500 ## - NOTA GENERAL
Nota general Portada: Foto del mural de las pintoras Elsa Núñez, Rosa Tavárez, Iris Pérez, Marianela Jiménez y Kirsis Angeles
505 ## - NOTA DE CONTENIDO CON FORMATO
Nota de contenido con formato Reconocimiento |<br/>Agradecimiento |<br/>Prólogo |<br/>Introducción |<br/>Capítulo 1. Generalidades |<br/>Capítulo 2. Criterios para abordar la violencia intrafamiliar |<br/>Capítulo 3. La violencia intrafamiliar |<br/>Capítulo 4. El tratamiento de la mujer victima en los tribunales, legislación y jurisprudencia |<br/>Reflexiones finales |<br/>Bibliografía |<br/>Anexos
650 #7 - PUNTO DE ACCESO ADICIONAL DE MATERIA--TÉRMINO DE MATERIA
Fuente del encabezamiento o término lemb
Término de materia o nombre geográfico como elemento de entrada Administración de justicia
650 #7 - PUNTO DE ACCESO ADICIONAL DE MATERIA--TÉRMINO DE MATERIA
Fuente del encabezamiento o término lemb
Término de materia o nombre geográfico como elemento de entrada Violencia conyugal
650 #7 - PUNTO DE ACCESO ADICIONAL DE MATERIA--TÉRMINO DE MATERIA
Fuente del encabezamiento o término lemb
Término de materia o nombre geográfico como elemento de entrada Derechos de la mujer
700 10 - PUNTO DE ACCESO ADICIONAL--NOMBRE DE PERSONA
Nombre de persona Rodríguez, Juan Aníbal
9 (RLIN) 199279
Término indicativo de función/relación autor
700 10 - PUNTO DE ACCESO ADICIONAL--NOMBRE DE PERSONA
Nombre de persona Pérez Lora, Francisco Antonio
9 (RLIN) 134544
Término indicativo de función/relación autor
700 #0 - PUNTO DE ACCESO ADICIONAL--NOMBRE DE PERSONA
Nombre de persona Tatem Brache, Yildalina
9 (RLIN) 31682
Término indicativo de función/relación coordinador
700 10 - PUNTO DE ACCESO ADICIONAL--NOMBRE DE PERSONA
Nombre de persona Hernández, Carmen Rosa
9 (RLIN) 139064
Término indicativo de función/relación colaborador
700 10 - PUNTO DE ACCESO ADICIONAL--NOMBRE DE PERSONA
Nombre de persona Marmolejos, Margarita
9 (RLIN) 61737
Término indicativo de función/relación cuidado de edición
700 10 - PUNTO DE ACCESO ADICIONAL--NOMBRE DE PERSONA
Nombre de persona Dalle Vedove, Lino
9 (RLIN) 199281
Término indicativo de función/relación fotógrafo
-- concepto de portada
700 10 - PUNTO DE ACCESO ADICIONAL--NOMBRE DE PERSONA
Nombre de persona Ivor Medina, Julissa
9 (RLIN) 146787
Término indicativo de función/relación diseñador
-- diagramador
942 ## - ELEMENTOS DE PUNTO DE ACCESO ADICIONAL (KOHA)
Fuente del sistema de clasificación o colocación Sistema de Clasificación Decimal Dewey
Tipo de ítem Koha Libro (general)
Existencias
Estado de retiro Estado de pérdida Fuente del sistema de clasificación o colocación No para préstamo Código de colección Localización permanente Fecha de adquisición Total de préstamos Signatura topográfica completa Código de barras Fecha visto por última vez Número de copia Precio válido a partir de Tipo de ítem Koha
  Disponible Sistema de Clasificación Decimal Dewey   General - Libros dominicanos Biblioteca Central UNIBE 22/09/2025   RD 348.7293 B352a 251033 18/09/2025 Ej. 1 18/09/2025 Libro (general)
  Disponible Sistema de Clasificación Decimal Dewey   General - Libros dominicanos Biblioteca Central UNIBE 22/09/2025   RD 348.7293 B352a 251034 06/10/2025 Ej. 2 18/09/2025 Libro (general)